[Event "4NCL/Div2/KHE vs. WWKS"]
[Site "Telford ENG"]
[Date "2003.03.09"]
[Round "6.1"]
[White "McMichael, Richard"]
[Black "Mason, Don"]
[Result "0-1"]
[WhiteElo "2294"]
[BlackElo "2256"]
[PlyCount "58"]
[EventDate "2003.03.09"]

1. b3 Nf6 2. Bb2 d6 3. e3 Nbd7 4. Nf3 g6 5. d4 Bg7 6. c4 O-O 7. Nc3 e5 8. Be2
Re8 9. Qc2 Qe7 10. h3 c6 11. g4 a6 12. O-O-O b5 13. c5 dxc5 14. dxe5 Nd5 15.
Rxd5 cxd5 16. Nxd5 Qd8 17. Rd1 Qa5 18. Kb1 Bb7 19. Qe4 Rad8 20. Qf4 Bxd5 21.
Rxd5 Nf8 22. Rd6 Ne6 23. Qe4 Ng5 24. Qd5 Nxf3 25. Bxf3 Rxd6 26. exd6 Qe1+ 27.
Bc1 Qc3 28. d7 Rd8 29. Be4 c4 0-1

[Event "4NCL/Div2/KHE vs. WWKS"]
[Site "Telford ENG"]
[Date "2003.03.09"]
[Round "6.2"]
[White "Hynes, Anthony"]
[Black "Thomas, Richard H"]
[Result "1-0"]
[WhiteElo "2216"]
[BlackElo "2204"]
[PlyCount "51"]
[EventDate "2003.03.09"]

1. e4 g6 2. d4 Bg7 3. Nc3 c6 4. f4 Qb6 5. Nf3 d5 6. e5 Bg4 7. Be2 e6 8. a4 a5
9. h3 Bxf3 10. Bxf3 h5 11. g4 hxg4 12. hxg4 Rxh1+ 13. Bxh1 Qd8 14. Be3 Ne7 15.
Bg2 Na6 16. Kd2 Qd7 17. Qh1 Bf8 18. Qh7 c5 19. Nb5 Nc6 20. c3 cxd4 21. cxd4 Rc8
22. Qg8 Nd8 23. Nd6+ Ke7 24. f5 Qc6 25. Nxc8+ Qxc8 26. f6+ 1-0

[Event "4NCL/Div2/KHE vs. WWKS"]
[Site "Telford ENG"]
[Date "2003.03.09"]
[Round "6.3"]
[White "Okike, David C"]
[Black "James, Russell A"]
[Result "0-1"]
[WhiteElo "2163"]
[BlackElo "2202"]
[PlyCount "92"]
[EventDate "2003.03.09"]

1. e4 e5 2. Nf3 Nc6 3. Bb5 Nf6 4. O-O Bc5 5. c3 O-O 6. d3 d6 7. h3 h6 8. Bxc6
bxc6 9. Nbd2 Bb6 10. Qe2 Nh5 11. Nb3 Ng3 12. Qd1 Nxf1 13. Kxf1 f5 14. a4 fxe4
15. dxe4 a5 16. c4 Qf6 17. Nbd2 Be6 18. Ra3 Rad8 19. Qe2 d5 20. Rc3 d4 21. Ra3
Bc5 22. Rd3 Bb4 23. b3 g5 24. Nh2 Rd7 25. Kg1 Rdf7 26. Rf3 Qg7 27. Rxf7 Kxf7
28. Ndf3 Ke7 29. Ne1 Bxe1 30. Qxe1 Ra8 31. f3 Kd7 32. Bd2 Qe7 33. Qg3 Qf6 34.
Qe1 Rb8 35. Qd1 Qe7 36. Bxa5 Qa3 37. b4 Qe3+ 38. Kh1 d3 39. Nf1 Qe2 40. Qc1 Qc2
41. Qe3 Qxc4 42. Kh2 Ra8 43. Nd2 Qd4 44. Qe1 c5 45. Qc1 Ra7 46. Qa3 c4 0-1

[Event "4NCL/Div2/KHE vs. WWKS"]
[Site "Telford ENG"]
[Date "2003.03.09"]
[Round "6.4"]
[White "Wu, Li"]
[Black "Mackenzie, Colin"]
[Result "1/2-1/2"]
[WhiteElo "2166"]
[BlackElo "2155"]
[PlyCount "80"]
[EventDate "2003.03.09"]

1. d4 e6 2. Nf3 Nf6 3. Bg5 Be7 4. Nbd2 d6 5. e4 Nbd7 6. Bd3 e5 7. c3 c6 8. O-O
O-O 9. Re1 Ng4 10. Bxe7 Qxe7 11. Qc2 b6 12. Rad1 Rd8 13. Nc4 Bb7 14. Bf1 b5 15.
Na5 Rab8 16. h3 Ngf6 17. Nxb7 Rxb7 18. dxe5 dxe5 19. b4 Rbb8 20. a3 c5 21. Rd2
c4 22. Red1 Nb6 23. Rxd8+ Rxd8 24. Rxd8+ Qxd8 25. Nxe5 Qe8 26. f4 Nh5 27. Qd2
f6 28. Ng4 Qxe4 29. Qd8+ Kf7 30. Qc7+ Qe7 31. Qc6 Nxf4 32. Qxb5 Qe1 33. Qf5
Ne2+ 34. Kh2 Ng3 35. Nh6+ gxh6 36. Qxh7+ Kf8 37. Qxh6+ Kf7 38. Qh7+ Kf8 39.
Qh6+ Kf7 40. Qh7+ Kf8 1/2-1/2

[Event "4NCL/Div2/KHE vs. WWKS"]
[Site "Telford ENG"]
[Date "2003.03.09"]
[Round "6.5"]
[White "Grigoryan, Meri"]
[Black "Pitcher, John"]
[Result "0-1"]
[WhiteElo "2023"]
[BlackElo "2130"]
[PlyCount "46"]
[EventDate "2003.03.09"]

1. e4 c5 2. b3 e6 3. Bb2 Nc6 4. f4 a6 5. a4 d5 6. e5 h5 7. Nf3 Nh6 8. Bd3 Be7
9. Nc3 g6 10. Ba3 Qb6 11. Qe2 Bd7 12. h3 Nb4 13. g4 hxg4 14. hxg4 O-O-O 15. Rg1
Nxg4 16. a5 Qa7 17. O-O-O Nxd3+ 18. cxd3 Nh6 19. Ng5 b5 20. axb6 Qxb6 21. Kc2
Nf5 22. Nf3 Rh3 23. Kb2 Rxf3 0-1

[Event "4NCL/Div2/KHE vs. WWKS"]
[Site "Telford ENG"]
[Date "2003.03.09"]
[Round "6.6"]
[White "Baruch, Andrew JD"]
[Black "McVicar, John"]
[Result "1-0"]
[WhiteElo "2072"]
[BlackElo "1888"]
[PlyCount "75"]
[EventDate "2003.03.09"]

1. c4 c5 2. g3 Nc6 3. Bg2 g6 4. Nc3 Bg7 5. Nf3 e6 6. O-O Nge7 7. d3 O-O 8. Be3
b6 9. Qc1 Bb7 10. Bh6 Nd4 11. Nxd4 Bxg2 12. Nxe6 dxe6 13. Kxg2 Nf5 14. Bxg7
Nxg7 15. Qf4 f6 16. Rab1 Nf5 17. b4 cxb4 18. Rxb4 Nd4 19. Rb2 Qd7 20. Nb5 Nxb5
21. Rxb5 Kg7 22. Rfb1 Rac8 23. a4 Rc7 24. a5 Qc6+ 25. Qf3 Qxf3+ 26. Kxf3 bxa5
27. Rb7 Rff7 28. Rxc7 Rxc7 29. Rb5 a6 30. Rxa5 Rc6 31. h4 h6 32. Ke4 Kf7 33.
Kd4 Ke7 34. c5 Kd7 35. Kc4 Kc7 36. d4 Kd7 37. e4 f5 38. d5 1-0

[Event "4NCL/Div2/BAR3 vs. PPA1"]
[Site "Telford ENG"]
[Date "2003.03.09"]
[Round "6.1"]
[White "Mack, Andrew"]
[Black "Swanson, Stephen"]
[Result "1-0"]
[WhiteElo "2272"]
[BlackElo "2291"]
[PlyCount "57"]
[EventDate "2003.03.09"]

1. e4 g6 2. d4 Bg7 3. Nc3 d6 4. f4 d5 5. Nxd5 c6 6. Nc3 Bxd4 7. Qf3 Bg7 8. Bd2
Nd7 9. O-O-O Qc7 10. e5 Nb6 11. Ne4 Nh6 12. h3 a5 13. g4 Be6 14. Kb1 Nd7 15.
Bd3 Bd5 16. Ne2 Bxe4 17. Bxe4 O-O 18. h4 Rad8 19. Ng3 Nc5 20. g5 Nxe4 21. Nxe4
Nf5 22. h5 Rd5 23. hxg6 fxg6 24. Qh3 e6 25. Qxh7+ Kf7 26. Rh6 Ne7 27. Nd6+ Rxd6
28. exd6 Qxd6 29. Qxg7+ 1-0

[Event "4NCL/Div2/BAR3 vs. PPA1"]
[Site "Telford ENG"]
[Date "2003.03.09"]
[Round "6.2"]
[White "Moore, Gerald"]
[Black "Roberts, Paul"]
[Result "1-0"]
[WhiteElo "2238"]
[BlackElo "2185"]
[PlyCount "81"]
[EventDate "2003.03.09"]

1. Nf3 d6 2. d4 Bg4 3. c4 Nd7 4. e4 e5 5. Be2 Ngf6 6. Nc3 Be7 7. O-O O-O 8. Be3
Bxf3 9. Bxf3 c6 10. Qd2 Qc7 11. Rac1 Rad8 12. Be2 Qb8 13. d5 c5 14. g4 Ne8 15.
Kh1 g6 16. Rg1 Ng7 17. Bh6 Bh4 18. Rg2 f6 19. Nd1 Rf7 20. Rc3 Rdf8 21. Rh3 Bg5
22. Bxg5 fxg5 23. Qxg5 Rf4 24. Qh6 Kf7 25. g5 Qd8 26. Qxh7 Rg8 27. Bg4 Nf8 28.
Be6+ Nfxe6 29. dxe6+ Kf8 30. Qxg6 Qe7 31. Rh6 Ne8 32. Qh5 Ng7 33. Qh3 Rxe4 34.
Ne3 Rd4 35. Rg1 b5 36. Nd5 Qb7 37. Rf6+ Ke8 38. Rf7 Qa8 39. Qh7 Rf8 40. Rxf8+
Kxf8 41. Qh8# 1-0

[Event "4NCL/Div2/BAR3 vs. PPA1"]
[Site "Telford ENG"]
[Date "2003.03.09"]
[Round "6.3"]
[White "Meyer, Harvey"]
[Black "Harley, Andrew"]
[Result "1/2-1/2"]
[WhiteElo "2228"]
[BlackElo "2260"]
[PlyCount "36"]
[EventDate "2003.03.09"]

1. e4 c5 2. Nf3 Nc6 3. Bb5 e6 4. O-O Nge7 5. b3 a6 6. Bxc6 Nxc6 7. Bb2 b5 8. d3
Bb7 9. c4 b4 10. Nbd2 Qb6 11. e5 Be7 12. Ne4 O-O-O 13. Re1 Rhg8 14. d4 d5 15.
exd6 Bxd6 16. Nxd6+ Rxd6 17. dxc5 Qxc5 18. Qe2 f6 1/2-1/2

[Event "4NCL/Div2/BAR3 vs. PPA1"]
[Site "Telford ENG"]
[Date "2003.03.09"]
[Round "6.4"]
[White "Byway, Paul"]
[Black "Smallbone, Kieran"]
[Result "0-1"]
[WhiteElo "2188"]
[BlackElo "2156"]
[PlyCount "108"]
[EventDate "2003.03.09"]

1. d4 d5 2. Nf3 Nf6 3. Bf4 c5 4. c3 Nc6 5. e3 Qb6 6. Qb3 c4 7. Qxb6 axb6 8. Na3
Bf5 9. Be2 Ra5 10. Nh4 Bd7 11. O-O Ne4 12. Bf3 Nxc3 13. Nxc4 dxc4 14. bxc3 g5
15. d5 gxf4 16. dxc6 bxc6 17. exf4 Bg7 18. Be2 Bxc3 19. Rab1 b5 20. Rfd1 Bf6
21. Nf3 Bf5 22. Rbc1 Bb2 23. Ne5 Bxc1 24. Nxc6 Ra8 25. Rxc1 Rxa2 26. Rd1 Bd3
27. Bxd3 cxd3 28. g3 d2 29. Nb4 Rb2 30. Nd5 e6 31. Ne3 Ke7 32. Kf1 Kd6 33. Ke2
Rd8 34. Rxd2+ Rxd2+ 35. Kxd2 Kc5+ 36. Kc2 Ra8 37. Kb2 Rd8 38. Kc2 Ra8 39. Kb2
Kd4 40. Ng4 Ke4 41. Nf6+ Kf3 42. Nxh7 Kxf2 43. Ng5 Ra7 44. g4 Ke3 45. f5 Kf4
46. h4 exf5 47. gxf5 Kxf5 48. Kb3 Kg4 49. Kb4 Kxh4 50. Nf3+ Kg3 51. Ne5 Rb7 52.
Nd3 f5 53. Nc5 Re7 54. Kxb5 Re5 0-1

[Event "4NCL/Div2/BAR3 vs. PPA1"]
[Site "Telford ENG"]
[Date "2003.03.09"]
[Round "6.5"]
[White "Rich, Mark"]
[Black "Rosen, Daniel B"]
[Result "1-0"]
[WhiteElo "2227"]
[BlackElo "2201"]
[PlyCount "81"]
[EventDate "2003.03.09"]

1. e4 g6 2. d4 Bg7 3. Nc3 d6 4. Be3 c6 5. Qd2 Nd7 6. f3 Qc7 7. Bc4 b5 8. Bb3
Nb6 9. Nge2 a5 10. a4 b4 11. Nd1 Ba6 12. Rc1 c5 13. c3 Rc8 14. cxb4 axb4 15.
dxc5 dxc5 16. Rxc5 Qb7 17. Qxb4 Rb8 18. Nd4 Nf6 19. a5 Nbd7 20. Qxb7 Bxb7 21.
Ba4 O-O 22. Rc7 Ne5 23. Rxe7 Nd3+ 24. Kd2 Nc5 25. Bc2 Rfd8 26. Kc1 Ncd7 27. Bb3
Rf8 28. Nc3 Nc5 29. Bc2 Rfc8 30. Ndb5 Bf8 31. Rc7 Ba6 32. Rxc8 Rxc8 33. Kb1 Rb8
34. Nc7 Bc4 35. Rd1 Nfd7 36. Bd4 Rb7 37. N7d5 Ne6 38. Nf6+ Nxf6 39. Bxf6 Ba3
40. Nd5 Kf8 41. Nb6 1-0

[Event "4NCL/Div2/BAR3 vs. PPA1"]
[Site "Telford ENG"]
[Date "2003.03.09"]
[Round "6.6"]
[White "Goodger, Martyn"]
[Black "Williamson, Paul L"]
[Result "1-0"]
[WhiteElo "2133"]
[BlackElo "2149"]
[PlyCount "69"]
[EventDate "2003.03.09"]

1. e4 b6 2. d4 Bb7 3. Bd3 e6 4. Nf3 c5 5. O-O c4 6. Bxc4 Bxe4 7. Nc3 Bb7 8. d5
Qc7 9. Qd4 a6 10. Bf4 Qc5 11. Qd3 b5 12. Bb3 Nf6 13. Rfe1 Be7 14. dxe6 dxe6 15.
Ng5 Nh5 16. Be3 Qc6 17. f3 h6 18. Nxe6 Nd7 19. Bd5 Qc8 20. Bxb7 Qxb7 21. Nc5
Bxc5 22. Bxc5+ Kd8 23. Be7+ Kc8 24. Nd5 Qc6 25. Nb4 Qb6+ 26. Kh1 Nhf6 27. c4
Kb7 28. Bxf6 Nxf6 29. Re7+ Kb8 30. cxb5 axb5 31. Rc1 Rc8 32. Rxc8+ Kxc8 33.
Qc2+ Kd8 34. Nc6+ Kc8 35. Qf5+ 1-0

[Event "4NCL/Div2/BAR3 vs. PPA1"]
[Site "Telford ENG"]
[Date "2003.03.09"]
[Round "6.7"]
[White "Flower, David"]
[Black "Winfridsson, Håkan"]
[Result "0-1"]
[WhiteElo "2104"]
[BlackElo "2164"]
[PlyCount "42"]
[EventDate "2003.03.09"]

1. e4 e5 2. Bc4 Nf6 3. d3 Bc5 4. Nc3 d6 5. Na4 Nc6 6. Nxc5 dxc5 7. Nf3 Qd6 8.
O-O Bg4 9. h3 Bh5 10. a3 Nd4 11. g4 Nxg4 12. Nh4 Nf6 13. f3 g5 14. Ng2 h6 15.
c3 Ne6 16. Bxe6 Qxe6 17. Be3 Qxh3 18. Qa4+ c6 19. Bxc5 g4 20. f4 g3 21. Rfe1
Bf3 0-1

[Event "4NCL/Div2/BAR3 vs. PPA1"]
[Site "Telford ENG"]
[Date "2003.03.09"]
[Round "6.8"]
[White "Aarons, Poppy J"]
[Black "Macnab, Louise C"]
[Result "1/2-1/2"]
[WhiteElo "1560"]
[BlackElo "1944"]
[PlyCount "41"]
[EventDate "2003.03.09"]

1. e4 c6 2. d4 d5 3. Nc3 g6 4. Nf3 Bg7 5. h3 Nh6 6. Bf4 O-O 7. e5 f6 8. Bd3 Nf7
9. O-O fxe5 10. dxe5 Be6 11. Re1 d4 12. Ne4 b6 13. b3 c5 14. a4 Nc6 15. Ned2
Nb4 16. Bc4 Nd5 17. Bg3 Nc3 18. Qc1 Qc8 19. Bd3 Bh6 20. Qb2 Nd5 21. Ne4 1/2-1/2

[Event "4NCL/Div2/KHE vs. BAR3"]
[Site "Telford ENG"]
[Date "2003.04.12"]
[Round "7.1"]
[White "Pigott, John C"]
[Black "Mack, Andrew"]
[Result "1/2-1/2"]
[WhiteElo "2382"]
[BlackElo "2272"]
[PlyCount "76"]
[EventDate "2003.04.12"]

1. c4 g6 2. e4 Bg7 3. d4 d6 4. Nc3 Nf6 5. Nf3 O-O 6. Be2 Na6 7. O-O e5 8. Be3
Ng4 9. Bg5 Qe8 10. dxe5 dxe5 11. h3 h6 12. Bc1 Nf6 13. Be3 Qe7 14. Qc1 Kh7 15.
Nd5 Qd8 16. Qc2 c6 17. Nxf6+ Qxf6 18. Rad1 Qe7 19. c5 Nc7 20. Rd6 Ne6 21. Rfd1
Nf4 22. Bf1 f5 23. g3 Nh5 24. exf5 Bxf5 25. Qb3 Nf6 26. Nh4 Be4 27. Bd3 Bxd3
28. Qxd3 e4 29. Qc2 Rad8 30. Bd4 Rfe8 31. Bc3 Rxd6 32. Rxd6 Rd8 33. Bxf6 Bxf6
34. Rxd8 Qxd8 35. Qxe4 Bxh4 36. gxh4 h5 37. Kh2 Qf6 38. Kg3 Qxb2 1/2-1/2

[Event "4NCL/Div2/KHE vs. BAR3"]
[Site "Telford ENG"]
[Date "2003.04.12"]
[Round "7.2"]
[White "Taylor, Peter"]
[Black "Berry, Stephen H"]
[Result "1-0"]
[WhiteElo "2249"]
[BlackElo "2335"]
[PlyCount "89"]
[EventDate "2003.04.12"]

1. c4 b6 2. Nc3 Bb7 3. e4 e6 4. Nge2 c5 5. g3 f5 6. d3 Nf6 7. Bg2 Be7 8. O-O
fxe4 9. dxe4 O-O 10. e5 Bxg2 11. exf6 Bxf1 12. fxe7 Qxe7 13. Qxf1 Nc6 14. b3
Rf5 15. Qg2 Raf8 16. f4 Nd4 17. Nxd4 cxd4 18. Nb5 d3 19. Ba3 Qf6 20. Rd1 a6 21.
Bxf8 axb5 22. Ba3 Qd4+ 23. Qf2 Qe4 24. cxb5 Rxb5 25. Bc1 Rd5 26. Qe3 Qg6 27.
Bd2 h5 28. Qxb6 h4 29. Qd8+ Kh7 30. Qxh4+ Rh5 31. f5 Qxf5 32. g4 Qc5+ 33. Qf2
Qxf2+ 34. Kxf2 Rxh2+ 35. Kg3 Re2 36. a4 e5 37. a5 e4 38. Kf4 g5+ 39. Kxg5 e3
40. Bxe3 Rxe3 41. Kf4 Rh3 42. b4 Kg6 43. a6 Kf6 44. a7 Rh8 45. Rxd3 1-0

[Event "4NCL/Div2/KHE vs. BAR3"]
[Site "Telford ENG"]
[Date "2003.04.12"]
[Round "7.3"]
[White "McMichael, Richard"]
[Black "Roberts, Paul"]
[Result "1-0"]
[WhiteElo "2294"]
[BlackElo "2211"]
[PlyCount "81"]
[EventDate "2003.04.12"]

1. Nf3 d6 2. d4 Bg4 3. Nbd2 Nf6 4. e4 e6 5. Bd3 d5 6. e5 Nfd7 7. O-O c5 8. c4
dxc4 9. Nxc4 Bxf3 10. Qxf3 Nc6 11. d5 Nd4 12. Qe4 f5 13. Qe3 exd5 14. Nd6+ Bxd6
15. exd6+ Kf7 16. Qh3 Qf6 17. Be3 g6 18. Rad1 Nc6 19. Bb5 a6 20. Be2 Qxd6 21.
Qh4 Nb6 22. Rc1 d4 23. Bf4 Qe7 24. Qg3 Qxe2 25. Qb3+ Nc4 26. Qxb7+ Ne7 27. Rfe1
Na5 28. Qc7 Rhc8 29. Rxe2 Rxc7 30. Bxc7 Nb7 31. Be5 Nd5 32. f4 Re8 33. Rd2 g5
34. g3 h5 35. Bxd4 cxd4 36. Rxd4 Rd8 37. fxg5 Ke6 38. Re1+ Kd6 39. Red1 Ke5 40.
g6 Nc5 41. g7 1-0

[Event "4NCL/Div2/KHE vs. BAR3"]
[Site "Telford ENG"]
[Date "2003.04.12"]
[Round "7.4"]
[White "Ozeren, Kemal"]
[Black "Thomas, Richard H"]
[Result "1-0"]
[WhiteElo "2160"]
[BlackElo "2204"]
[PlyCount "59"]
[EventDate "2003.04.12"]

1. d4 g6 2. Nf3 Bg7 3. e4 d6 4. Nc3 a6 5. Bc4 b5 6. Bb3 e6 7. Bg5 Ne7 8. a4 b4
9. Nb1 Bb7 10. Nbd2 Nd7 11. a5 O-O 12. O-O h6 13. Bh4 c5 14. Nc4 Bxe4 15. Nxd6
Bc6 16. Re1 g5 17. Nxg5 hxg5 18. Bxg5 Nf6 19. dxc5 Nf5 20. Rxe6 fxe6 21. Bxe6+
Kh8 22. Bxf5 Qe7 23. Qd3 Qe5 24. Qh3+ Kg8 25. Be6+ Qxe6 26. Qxe6+ Kh7 27. Qf5+
Kg8 28. Rd1 Rad8 29. Qe6+ Kh8 30. Nf7+ 1-0

[Event "4NCL/Div2/KHE vs. BAR3"]
[Site "Telford ENG"]
[Date "2003.04.12"]
[Round "7.5"]
[White "Mackenzie, Colin"]
[Black "Smallbone, Kieran"]
[Result "1-0"]
[WhiteElo "2155"]
[BlackElo "2156"]
[PlyCount "69"]
[EventDate "2003.04.12"]

1. Nf3 d6 2. c4 e5 3. g3 f5 4. d3 Nf6 5. Nc3 g6 6. c5 Nc6 7. cxd6 cxd6 8. Bg2
Bg7 9. O-O O-O 10. b4 h6 11. Bb2 Be6 12. b5 Ne7 13. Nd2 Qd7 14. a4 Rac8 15. a5
Ned5 16. Nxd5 Nxd5 17. Nc4 Ne7 18. Ba3 d5 19. Nd6 Rb8 20. b6 a6 21. Rc1 Nc6 22.
Qa4 Nd4 23. Qxd7 Nxe2+ 24. Kh1 Bxd7 25. Bxd5+ Kh7 26. Rc7 Bc6 27. Bxc6 bxc6 28.
Re1 Nd4 29. Rxe5 Kg8 30. Ree7 Bf6 31. Red7 g5 32. Rb7 g4 33. Rxb8 Rxb8 34. Bb2
Be5 35. Nxf5 1-0

[Event "4NCL/Div2/KHE vs. BAR3"]
[Site "Telford ENG"]
[Date "2003.04.12"]
[Round "7.6"]
[White "Williamson, Paul L"]
[Black "Bass, John"]
[Result "1-0"]
[WhiteElo "2149"]
[BlackElo "2045"]
[PlyCount "81"]
[EventDate "2003.04.12"]

1. d4 d5 2. c4 e6 3. Nc3 Nf6 4. Nf3 Nbd7 5. cxd5 exd5 6. Bg5 c6 7. Qc2 Be7 8.
e3 O-O 9. Bd3 Re8 10. O-O Nf8 11. Ne5 Ng4 12. Bxe7 Qxe7 13. Nxg4 Bxg4 14. Rae1
Rad8 15. h3 Bc8 16. f4 h6 17. Qf2 Nd7 18. g4 Nf6 19. Kh1 Ne4 20. Bxe4 dxe4 21.
f5 c5 22. f6 gxf6 23. dxc5 Qxc5 24. Qxf6 Qe7 25. Qxh6 Rd2 26. Re2 Red8 27. Rff2
R2d6 28. Qf4 b6 29. Kh2 Bb7 30. Nb5 Rd5 31. Nd4 Qd6 32. Rc2 Qxf4+ 33. Rxf4 Rc5
34. Rcf2 Rc7 35. Nf5 Rd3 36. Kg3 Bd5 37. b3 Rcc3 38. Ne7+ Kg7 39. Nxd5 Rxd5 40.
Rxe4 Rdd3 41. Kf4 1-0

[Event "4NCL/Div2/KHE vs. BAR3"]
[Site "Telford ENG"]
[Date "2003.04.12"]
[Round "7.7"]
[White "McVicar, John"]
[Black "Flower, David"]
[Result "1/2-1/2"]
[WhiteElo "2085"]
[BlackElo "2128"]
[PlyCount "91"]
[EventDate "2003.04.12"]

1. e4 d6 2. d4 Nf6 3. Nc3 e5 4. Nf3 Nbd7 5. Bc4 Be7 6. O-O O-O 7. Bg5 c6 8. Re1
b5 9. dxe5 dxe5 10. Bxf6 Bxf6 11. Bf1 Qc7 12. Qe2 Nc5 13. a4 b4 14. Nb1 a5 15.
Qe3 Ne6 16. Nbd2 Be7 17. Nb3 Bd7 18. Bc4 Rad8 19. Red1 Bc8 20. g3 Rxd1+ 21.
Rxd1 Rd8 22. Rxd8+ Nxd8 23. Nbd2 Be6 24. Bxe6 Nxe6 25. Nc4 Bc5 26. Qd3 Qa7 27.
Nfxe5 Bxf2+ 28. Kg2 Bd4 29. Nxc6 Qc5 30. Nxd4 Nxd4 31. Nxa5 Ne6 32. Nb3 Qg5 33.
Kh1 h5 34. h4 Qf6 35. a5 g5 36. hxg5 Qf2 37. Nd2 h4 38. gxh4 Nf4 39. Qf3 Qxh4+
40. Kg1 Qxg5+ 41. Kf1 Ng6 42. Qg2 Qxa5 43. Nc4 Qa1+ 44. Ke2 Qa6 45. b3 Qa1 46.
Kd2 1/2-1/2

[Event "4NCL/Div2/KHE vs. BAR3"]
[Site "Telford ENG"]
[Date "2003.04.12"]
[Round "7.8"]
[White "Smith, Lucy"]
[Black "Grigoryan, Meri"]
[Result "1/2-1/2"]
[WhiteElo "1560"]
[BlackElo "2023"]
[PlyCount "79"]
[EventDate "2003.04.12"]

1. d4 d5 2. c4 e5 3. dxe5 d4 4. Nf3 Nc6 5. a3 a5 6. Bf4 Be6 7. e3 Bc5 8. exd4
Bxd4 9. Qc1 Nge7 10. Nbd2 Ng6 11. Bg3 Ngxe5 12. Nxe5 Bxe5 13. Nf3 Bxg3 14. fxg3
O-O 15. Qc3 Re8 16. Kf2 Qe7 17. c5 a4 18. Bd3 Red8 19. Rac1 Bb3 20. Rhe1 Qd7
21. Bc2 Be6 22. Rcd1 Qe7 23. Rxd8+ Qxd8 24. Rd1 Qe7 25. Bb1 Ra5 26. Rc1 g6 27.
Be4 Rb5 28. Bxc6 Rb3 29. Qe5 bxc6 30. Rc2 Qd8 31. Nd4 Bf5 32. Nxb3 Bxc2 33. Nd4
Bd1 34. Nxc6 Qd2+ 35. Kg1 Qe2 36. Qxe2 Bxe2 37. Kf2 Bc4 38. Nb4 Kf8 39. Ke3 Bf1
40. Kf2 1/2-1/2

[Event "4NCL/Div2/WWKS vs. WRO1"]
[Site "Telford ENG"]
[Date "2003.04.12"]
[Round "7.1"]
[White "Hynes, Anthony"]
[Black "McFarland, Robert S"]
[Result "1-0"]
[WhiteElo "2221"]
[BlackElo "2292"]
[PlyCount "71"]
[EventDate "2003.04.12"]

1. e4 g6 2. d4 Bg7 3. Nc3 d6 4. f4 a6 5. Nf3 Bg4 6. Be3 e6 7. h3 Bxf3 8. Qxf3
h5 9. O-O-O Nd7 10. f5 e5 11. fxg6 fxg6 12. Bc4 Qf6 13. Qe2 exd4 14. Rhf1 Qe5
15. Bxd4 Qg5+ 16. Be3 Qa5 17. Bf7+ Kd8 18. Rd5 b5 19. Bg5+ Kc8 20. Be6 Nh6 21.
e5 Re8 22. Bxd7+ Kxd7 23. Qd2 Rh8 24. e6+ Kc8 25. e7 Kb7 26. Qd3 Bxc3 27. bxc3
Qxa2 28. Rxb5+ axb5 29. Qxb5+ Ka7 30. Be3+ c5 31. Qd7+ Kb6 32. Qxd6+ Kb7 33.
Qd7+ Kb6 34. Rf6+ Ka5 35. Qc7+ Ka4 36. Qc6+ 1-0

[Event "4NCL/Div2/WWKS vs. WRO1"]
[Site "Telford ENG"]
[Date "2003.04.12"]
[Round "7.2"]
[White "Pesic, Ninoslav"]
[Black "Thomas, Nicholas"]
[Result "1/2-1/2"]
[WhiteElo "2345"]
[BlackElo "2256"]
[PlyCount "27"]
[EventDate "2003.04.12"]

1. e4 e6 2. d4 d5 3. Nd2 Nc6 4. Ngf3 Nf6 5. e5 Nd7 6. Be2 f6 7. exf6 Qxf6 8.
Nf1 Bd6 9. Ng3 O-O 10. O-O Ne7 11. Bd3 h6 12. Qe2 e5 13. Nxe5 Nxe5 14. dxe5
1/2-1/2

[Event "4NCL/Div2/WWKS vs. WRO1"]
[Site "Telford ENG"]
[Date "2003.04.12"]
[Round "7.3"]
[White "Mason, Don"]
[Black "Gayson, Peter M"]
[Result "1/2-1/2"]
[WhiteElo "2256"]
[BlackElo "2247"]
[PlyCount "39"]
[EventDate "2003.04.12"]

1. e4 c5 2. Nc3 e6 3. Nf3 a6 4. g3 d5 5. exd5 exd5 6. d4 Nf6 7. Bg2 Be7 8. O-O
cxd4 9. Nxd4 O-O 10. h3 Nc6 11. Be3 h6 12. Na4 Re8 13. Nxc6 bxc6 14. Bb6 Qd7
15. Bc5 Rb8 16. Re1 Bxc5 17. Nxc5 Rxe1+ 18. Qxe1 Qd6 19. b4 a5 20. c3 1/2-1/2

[Event "4NCL/Div2/WWKS vs. WRO1"]
[Site "Telford ENG"]
[Date "2003.04.12"]
[Round "7.4"]
[White "Toothill, John"]
[Black "Dighton, Simon"]
[Result "1/2-1/2"]
[WhiteElo "2172"]
[BlackElo "2235"]
[PlyCount "33"]
[EventDate "2003.04.12"]

1. c4 e6 2. Nc3 Nf6 3. g3 d5 4. d4 Be7 5. Bg2 O-O 6. Nf3 dxc4 7. O-O c5 8. dxc5
Nbd7 9. Qa4 Nxc5 10. Qxc4 Bd7 11. Ne5 Rc8 12. Rd1 b5 13. Nxb5 Qb6 14. Nc3 Nce4
15. Qd4 Nxc3 16. bxc3 Qa5 17. Nxd7 1/2-1/2

[Event "4NCL/Div2/WWKS vs. WRO1"]
[Site "Telford ENG"]
[Date "2003.04.12"]
[Round "7.5"]
[White "Wu, Li"]
[Black "Taylor, Robert K"]
[Result "1-0"]
[WhiteElo "2195"]
[BlackElo "2211"]
[PlyCount "75"]
[EventDate "2003.04.12"]

1. d4 d5 2. c4 e5 3. dxe5 d4 4. Nf3 Nc6 5. g3 Bc5 6. Nbd2 f6 7. exf6 Nxf6 8.
Bg2 Bg4 9. a3 a5 10. Qb3 Qd6 11. h3 a4 12. Qd3 Bd7 13. Ne4 Qe7 14. Nxf6+ gxf6
15. Bf4 O-O-O 16. O-O Kb8 17. Kh2 Na5 18. Nd2 Rde8 19. Rfe1 Nc6 20. Qc2 Ne5 21.
Bxe5 Qxe5 22. b4 Ba7 23. c5 Bb5 24. Qe4 Qxe4 25. Bxe4 Re7 26. Bd3 Be8 27. Nf3
b6 28. Rac1 Rd7 29. c6 Rd6 30. b5 Bf7 31. Bc4 Bg6 32. Red1 Rhd8 33. Rd2 Be4 34.
Rcd1 d3 35. Bxd3 Rxd3 36. Rxd3 Rxd3 37. Rxd3 Bxd3 38. exd3 1-0

[Event "4NCL/Div2/WWKS vs. WRO1"]
[Site "Telford ENG"]
[Date "2003.04.12"]
[Round "7.6"]
[White "Barrett, Steve J"]
[Black "Pitcher, John"]
[Result "0-1"]
[WhiteElo "2140"]
[BlackElo "2130"]
[PlyCount "73"]
[EventDate "2003.04.12"]

1. d4 d5 2. c4 c6 3. Nf3 Nf6 4. cxd5 cxd5 5. Nc3 Nc6 6. Bf4 a6 7. Ne5 e6 8. e3
Nxe5 9. dxe5 Nd7 10. Rc1 Be7 11. Bd3 b5 12. a4 b4 13. Ne2 Bb7 14. Nd4 Rc8 15.
Rxc8 Qxc8 16. O-O Nc5 17. Bc2 Qd7 18. b3 O-O 19. h4 Rc8 20. Qg4 Ne4 21. f3 Rxc2
22. Nxc2 Nd2 23. Bh6 Bf8 24. Rd1 Nxb3 25. h5 Kh8 26. Bg5 h6 27. Bh4 Qxa4 28. f4
Nc5 29. Nd4 Qd7 30. f5 exf5 31. Nxf5 Bc8 32. Rf1 Ne6 33. Rd1 Qc7 34. Rxd5 b3
35. Qe4 Bb7 36. Nd6 Bxd5 37. Qxd5 {time} 0-1

[Event "4NCL/Div2/WWKS vs. WRO1"]
[Site "Telford ENG"]
[Date "2003.04.12"]
[Round "7.7"]
[White "Hunt, Malcolm A"]
[Black "Burnett, Jim"]
[Result "0-1"]
[WhiteElo "1960"]
[BlackElo "2187"]
[PlyCount "58"]
[EventDate "2003.04.12"]

1. d4 d5 2. c4 e6 3. Nc3 c6 4. cxd5 exd5 5. Nf3 Bf5 6. Bg5 Qb6 7. Qb3 h6 8.
Qxb6 axb6 9. Bh4 b5 10. e3 b4 11. Nd1 Nd7 12. Be2 Ngf6 13. Nd2 Bd6 14. Bg3 Be7
15. O-O O-O 16. f3 Ra7 17. Nb3 b6 18. Nf2 Rfa8 19. Nc1 c5 20. dxc5 bxc5 21. Bd3
Bxd3 22. Nfxd3 c4 23. Ne5 Bc5 24. Re1 Nxe5 25. Bxe5 Re7 26. Bxf6 gxf6 27. Kf2
Rae8 28. Ne2 Bxe3+ 29. Kf1 Bd2 0-1

[Event "4NCL/Div2/WWKS vs. WRO1"]
[Site "Telford ENG"]
[Date "2003.04.12"]
[Round "7.8"]
[White "Keeling, Karen"]
[Black "Chevannes, Sabrina"]
[Result "0-1"]
[WhiteElo "1971"]
[BlackElo "1986"]
[PlyCount "76"]
[EventDate "2003.04.12"]

1. c4 c6 2. g3 Nf6 3. Bg2 d5 4. Nf3 Bg4 5. Ne5 Be6 6. O-O Nbd7 7. d4 dxc4 8.
Qc2 Nxe5 9. dxe5 Nd5 10. Bd2 Qb6 11. Nc3 Qd4 12. Nxd5 cxd5 13. Bc3 Qc5 14. Rfd1
Rd8 15. Bd4 Qa5 16. b3 b5 17. f4 g6 18. e4 Bg4 19. Rd2 e6 20. h3 Bb4 21. Rf2
dxe4 22. Be3 Bf3 23. Bxf3 exf3 24. bxc4 bxc4 25. Qxc4 O-O 26. Rxf3 Rc8 27. Qe2
Rfd8 28. Rff1 Rd5 29. Rfd1 Rcd8 30. Rxd5 Rxd5 31. Rc1 Bd2 32. Bxd2 Rxd2 33. Qe1
Qd5 34. Qf1 Qxa2 35. Qf3 Qd5 36. Qf1 Qd4+ 37. Kh1 Rf2 38. Qg1 Qe4+ 0-1